Countries Bordering Germany (in clockwise order) - Statistics

General Stats
  • This quiz has been taken 102 times
  • The average score is 7 of 8
Answer Stats
country % Correct
Luxembourg
98%
Belgium
97%
Poland
97%
Netherlands
96%
Denmark
94%
Czechia
89%
Austria
88%
Switzerland
87%
No matching quizzes found
Score Distribution
Percent of People with Each Score
Percentile by Number Answered
Your Score History
You have not taken this quiz